1305-市川市(千葉県)の駅 - Statistics

General Stats
  • This quiz has been taken 23 times
  • The average score is 13 of 15
Answer Stats
Answer % Correct
市川
100%
市川大野
100%
市川塩浜
100%
南行徳
100%
行徳
100%
妙典
100%
二俣新町
94%
京成八幡
94%
本八幡
88%
市川真間
81%
菅野
81%
国府台
69%
鬼越
63%
北国分
50%
大町
44%
No matching quizzes found
Score Distribution
Percent of People with Each Score
Percentile by Number Answered
Your Score History
You have not taken this quiz